Music Quiz

Random Music or Country Quiz

Country Song Titles by Synonyms Quiz Stats

Quiz not verified by Sporcle

Challenge
Share
Tweet
Embed
Score 0/20 Timer 04:00
0 Plays Today
Synonym Title Song Title % Correct
protect an equine, mount a wranglerSave a Horse, Ride a Cowboy
85.8%
infant femaleBaby Girl
81.9%
sludge covering the wheelsMud on the tires
75.9%
Only to observe you grinJust to see you smile
75.7%
you appear attractive wearing my topYou Look Good in my Shirt
74.3%
require you at this timeNeed you now
72%
exclusively in the USAOnly in America
68.1%
ivory thoroughbredWhite Horse
64.4%
what is your evaluation of me currently?How do you like me now?
60.5%
which bunk have your shoes been beneathWhose Bed Have Your Boots Been Under
59.1%
Synonym Title Song Title % Correct
surviving on emotionLivin' on Love
47.7%
craniums east coast, buttocks west coastHeads Carolina, Tails California
39.1%
seaside real estateOcean Front Property
37.9%
respireBreathe
36.6%
unprepared to create kindnessNot Ready to Make Nice
33.5%
doesnt occur more than onceDont Happen Twice
30.4%
a few cardiac musclesSome Hearts
22.8%
sophisticatedFancy
20.4%
alcoholic tributaryWhiskey River
17.9%
rogue heavenly hostsWild Angels
16.9%

You're not logged in!

Compare scores with friends on all Sporcle quizzes.
Join for Free
OR
Log In

You Might Also Like...

Show Comments

Extras

Top Quizzes Today


Score Distribution

Your Account Isn't Verified!

In order to create a playlist on Sporcle, you need to verify the email address you used during registration. Go to your Sporcle Settings to finish the process.

Report this User

Report this user for behavior that violates our Community Guidelines.

Details: